000
00508nam a2200169Ia 4500
008
090711s9999 xx 000 0 und d
082
_b
77418
100
_a
सरदेसाई गो. बा.
245
_a
घरगुती अपघात
260
_c
1994
300
_a
71
600
_a
सरदेसाई गो. बा.
630
_a
घरगुती अपघात
700
_a
सरदेसाई गो. बा.
730
_a
घरगुती अपघात
942
_c
BOOK
999
_c
309623
_d
309623